ersten 50 Minecraft Items - Statistiken

Allgemein
  • Dieses Quiz wurde 901 mal gespielt
  • Das Durchschnittsergebnis liegt bei 7 aus 50
Antwortstatistiken
ID Item % Korrekt
17 wood
84%
1 stone
80%
3 dirt
74%
4 cobblestone
56%
2 grass
56%
12 sand
41%
13 gravel
30%
26 bed
27%
15 iron ore
27%
18 leaves
27%
16 coal ore
22%
20 glass
22%
14 gold ore
22%
7 bedrock
21%
35 wool
19%
49 obsidian
17%
50 torch
12%
5 wood plank
11%
24 sandstone
10%
42 iron block
9%
45 bricks
8%
41 gold block
6%
6 sapling
6%
51 fire
5%
46 tnt
5%
21 lapis lazuli ore
3%
38 poppy
3%
19 sponge
3%
37 dandelion
2%
8 flowing water
2%
33 piston
2%
44 stone slab
2%
47 bookshelf
1%
30 cobweb
1%
10 flowing lava
1%
22 lapis lazuli block
1%
40 red mushroom
1%
29 sticky piston
1%
11 still lava
1%
9 still water
1%
39 brown mushroom
0%
32 dead bush
0%
31 dead shrub
0%
28 detector rail
0%
23 dispenser
0%
43 double stone slab
0%
48 moss stone
0%
25 note block
0%
34 piston head
0%
27 powered rail
0%
Keine übereinstimmenden Quizze gefunden
Verteilung der Resultate
Anzahl Personen mit jedem Resultat
Perzentil nach korrekt beantworteten Fragen
Ihre Resultats-Entwicklung
Sie haben dieses Quiz noch nicht gespielt